Statistics for Countries With The Most Korean Diaspora

Click here to take the quiz!

General Stats

  • This quiz has been taken 136 times
  • The average score is 12 of 15

Answer Stats

Korean Diaspora PopulationCountry% Correct
2,546,982United States
100%
2,461,386China
97%
29,167France
97%
824,977Japan
97%
40,770United Kingdom
95%
241,750Canada
94%
44,864Germany
94%
167,331Australia
89%
169,933Russia
88%
38,114New Zealand
79%
48,281Brazil
78%
85,125Philippines
76%
172,684Vietnam
76%
109,923Kazakhstan
47%
177,270Uzbekistan
37%

Score Distribution

Percentile by Number Answered

Percent of People with Each Score

Your Score History

You have not taken this quiz